00677nam a2200169 a 450000100100000000500170001000800410002702000150006804000250008310000260010824501240013426000380025830000350029653400530033195201060038499900170049000003556720200930074435.0111103s1996 sp 000 0 spa d a8482380559 aDO-SdBNPbspacBNPHU1 aFreeman, John.96146710aCómo hacer buenas fotografías :bcurso práctico de fotografía /cJohn Freeman ; traducción Alejandro Pradera. aMadrid, España :bAgata,c1996. a128 p. :bil. retrs. ;c28 cm. aTítulo originalaHow to tare great photographs 0010507-18MOaGRbGRcOId2011-11-03iLF1l0o p35567-10r2020-06-25w2020-06-25y1ZNo se presta c35058d35058